[Event "Golubitskaya"]
[Site "Golubitskaya"]
[Date "2017.07.25"]
[Round "7"]
[White "Plokhotniuk, Vladimir"]
[Black "Moroz, Roman"]
[Result "1/2-1/2"]
[WhiteElo "2318"]
[BlackElo "2403"]
[PlyCount "32"]
[EventDate "2017.07.22"]
[EventType "tourn"]
[EventRounds "9"]
[EventCountry "RUS"]
[EventCategory "2"]
[SourceTitle "CBM 179 Extra"]
[Source "ChessBase"]
[SourceDate "2017.08.23"]
[SourceVersion "1"]
[SourceVersionDate "2017.08.23"]
[SourceQuality "1"]

1. Nf3 Nc6 2. d4 d6 3. e4 Nf6 4. Nc3 Bg4 5. d5 Ne5 6. Be2 Nxf3+ 7. Bxf3 Bxf3 8. Qxf3 g6 9. 0-0 Bg7 10. Be3 0-0 11. Rad1 Qd7 12. Rfe1 e5 13. dxe6 fxe6 14. Qe2 Nh5 15. Qc4 Rae8 16. g3 Rf7 1/2-1/2

[Event "Golubitskaya"]
[Site "Golubitskaya"]
[Date "2017.07.23"]
[Round "3"]
[White "Moroz, Roman"]
[Black "Dolzhenko, Alexander"]
[Result "1/2-1/2"]
[WhiteElo "2403"]
[BlackElo "2268"]
[PlyCount "33"]
[EventDate "2017.07.22"]
[EventType "tourn"]
[EventRounds "9"]
[EventCountry "RUS"]
[EventCategory "2"]
[SourceTitle "CBM 179 Extra"]
[Source "ChessBase"]
[SourceDate "2017.08.23"]
[SourceVersion "1"]
[SourceVersionDate "2017.08.23"]
[SourceQuality "1"]

1. d4 Nf6 2. Nf3 g6 3. c4 Bg7 4. g3 c5 5. d5 b5 6. cxb5 a6 7. bxa6 d6 8. Nc3 0-0 9. e4 Nxa6 10. Be2 Bh3 11. Ng5 Qc8 12. Nxh3 Qxh3 13. Bf1 Qc8 14. Be2 Qh3 15. Bf1 Qd7 16. Be2 Qh3 17. Bf1 1/2-1/2

[Event "Golubitskaya"]
[Site "Golubitskaya"]
[Date "2017.07.22"]
[Round "1"]
[White "Moroz, Roman"]
[Black "Uskov, Andrey"]
[Result "1/2-1/2"]
[WhiteElo "2403"]
[BlackElo "2306"]
[PlyCount "66"]
[EventDate "2017.07.22"]
[EventType "tourn"]
[EventRounds "9"]
[EventCountry "RUS"]
[EventCategory "2"]
[SourceTitle "CBM 179 Extra"]
[Source "ChessBase"]
[SourceDate "2017.08.23"]
[SourceVersion "1"]
[SourceVersionDate "2017.08.23"]
[SourceQuality "1"]

1. d4 Nf6 2. Nf3 e6 3. c4 Nc6 4. a3 d6 5. Nc3 g6 6. e4 Bg7 7. Be2 0-0 8. 0-0 Re8 9. d5 exd5 10. exd5 Ne7 11. Re1 Nf5 12. Qc2 Ng4 13. h3 Ne5 14. Nxe5 Nd4 15. Qd1 Bxe5 16. Bd3 Bd7 17. Ne2 Qh4 18. Be3 Nf5 19. Bxf5 Bxf5 20. Bd4 Bxd4 21. Qxd4 Re4 22. Qd2 Rxc4 23. Rac1 Rxc1 24. Rxc1 Rc8 25. Ng3 Bd7 26. Qa5 c6 27. Qxa7 cxd5 28. Rxc8+ Bxc8 29. Qb8 Qd8 30. Ne2 Qe8 31. Nd4 Qe1+ 32. Kh2 Qe5+ 33. Kg1 Qe1+ 1/2-1/2

[Event "Gorodovikovsk Bashanta"]
[Site "Gorodovikovsk"]
[Date "2016.??.??"]
[Round "5"]
[White "Begjanyan, Hrayr"]
[Black "Moroz, Roman"]
[Result "0-1"]
[WhiteElo "2099"]
[BlackElo "2375"]
[PlyCount "44"]
[EventDate "2016.03.15"]
[EventType "tourn"]
[EventRounds "14"]
[EventCountry "RUS"]
[EventCategory "3"]
[SourceTitle "CBM 171 Extra"]
[Source "ChessBase"]
[SourceDate "2016.04.26"]
[SourceVersion "1"]
[SourceVersionDate "2016.04.26"]
[SourceQuality "1"]

1. e4 c5 2. Nf3 d6 3. Bb5+ Bd7 4. Bxd7+ Nxd7 5. 0-0 Ngf6 6. Re1 e6 7. c3 Be7 8. d4 0-0 9. Nbd2 Qc7 10. Nf1 Rac8 11. Ne3 Nxe4 12. d5 Nb6 13. Qd3 Ng5 14. Nxg5 Bxg5 15. dxe6 fxe6 16. Qe4 Rce8 17. Qg4 Qf7 18. f3 Bf4 19. a4 d5 20. a5 Nd7 21. g3 Bc7 22. a6 Ne5 0-1

[Event "Gorodovikovsk Bashanta"]
[Site "Gorodovikovsk"]
[Date "2016.??.??"]
[Round "7"]
[White "Erendzhenov, Stanislav"]
[Black "Moroz, Roman"]
[Result "0-1"]
[WhiteElo "2253"]
[BlackElo "2375"]
[PlyCount "48"]
[EventDate "2016.03.15"]
[EventType "tourn"]
[EventRounds "14"]
[EventCountry "RUS"]
[EventCategory "3"]
[SourceTitle "CBM 171 Extra"]
[Source "ChessBase"]
[SourceDate "2016.04.26"]
[SourceVersion "1"]
[SourceVersionDate "2016.04.26"]
[SourceQuality "1"]

1. e4 c5 2. Nf3 e6 3. d4 cxd4 4. Nxd4 Bc5 5. Nc3 Qb6 6. Be3 Nc6 7. Na4 Qa5+ 8. c3 Bxd4 9. Bxd4 Nxd4 10. Qxd4 e5 11. Qb4 Qxb4 12. cxb4 Nf6 13. Nc3 d6 14. Bb5+ Ke7 15. Nd5+ Nxd5 16. exd5 Bd7 17. Bxd7 Kxd7 18. Kd2 Rac8 19. Rac1 Rxc1 20. Rxc1 Rc8 21. Rd1 Rc4 22. a3 Rd4+ 23. Ke2 Rxd1 24. Kxd1 f5 0-1

[Event "Krasnodar Region-ch"]
[Site "Krasnodar"]
[Date "2012.10.04"]
[Round "3"]
[White "Moroz, Roman"]
[Black "Potrekeev, Pavel"]
[Result "1/2-1/2"]
[WhiteElo "2341"]
[BlackElo "2183"]
[PlyCount "81"]
[EventDate "2012.10.02"]
[EventType "swiss"]
[EventRounds "9"]
[EventCountry "RUS"]
[SourceTitle "EXT 2013"]
[Source "ChessBase"]
[SourceDate "2012.11.22"]
[SourceVersion "1"]
[SourceVersionDate "2012.11.22"]
[SourceQuality "1"]

1. e4 e6 2. d4 d5 3. exd5 exd5 4. Bd3 Bd6 5. Nf3 Ne7 6. 0-0 Bf5 7. Bxf5 Nxf5 8. Re1+ Ne7 9. Nc3 c6 10. Bg5 0-0 11. Bh4 Nd7 12. Bg3 Bxg3 13. hxg3 Re8 14. Ne5 Nxe5 15. Rxe5 Ng6 16. Rxe8+ Qxe8 17. Qe1 Qxe1+ 18. Rxe1 Kf8 19. Na4 b6 20. b3 Re8 21. Rxe8+ Kxe8 22. Nb2 Kd7 23. Nd3 f6 24. Kf1 Ke7 25. Ke2 Kd6 26. Ke3 Ke6 27. Nf4+ Nxf4 28. Kxf4 g6 29. g4 h6 30. Ke3 Kd6 31. f4 g5 32. f5 Kc7 33. c4 b5 34. cxd5 cxd5 35. b4 Kd7 36. a3 Ke7 37. Kd3 Kd7 38. Kc3 Kc6 39. Kb3 Kb7 40. a4 Kb6 41. a5+ 1/2-1/2

[Event "Anapa"]
[Site "Anapa"]
[Date "2012.09.07"]
[Round "8"]
[White "Romkovich, Viktor"]
[Black "Moroz, Roman"]
[Result "0-1"]
[WhiteElo "2146"]
[BlackElo "2349"]
[PlyCount "84"]
[EventDate "2012.08.30"]
[EventType "tourn"]
[EventRounds "11"]
[EventCountry "RUS"]
[EventCategory "3"]
[SourceTitle "EXT 2013"]
[Source "ChessBase"]
[SourceDate "2012.11.22"]
[SourceVersion "1"]
[SourceVersionDate "2012.11.22"]
[SourceQuality "1"]

1. d4 d5 2. Nf3 Nf6 3. Bf4 e6 4. e3 a6 5. Bd3 c5 6. c3 Nc6 7. h3 Bd6 8. Bxd6 Qxd6 9. Nbd2 e5 10. dxe5 Nxe5 11. Nxe5 Qxe5 12. Nf3 Qc7 13. 0-0 0-0 14. Qc2 g6 15. Rad1 b5 16. a3 c4 17. Be2 Bf5 18. Qc1 Rad8 19. Nd4 Be6 20. Qc2 Ne4 21. f4 Rfe8 22. g4 Bc8 23. Bf3 Nc5 24. Rfe1 Bb7 25. Qg2 Re7 26. Kh1 Rde8 27. Nf5 Rd7 28. Nh6+ Kg7 29. g5 Nd3 30. Re2 Rde7 31. Ng4 d4 32. Nf6 dxe3 33. Nxe8+ Rxe8 34. Rf1 Nxf4 35. Qg3 Qe5 36. Bxb7 Nxe2 37. Qxe5+ Rxe5 38. Re1 Nf4 39. h4 e2 40. Bf3 Re3 41. Bg4 h5 42. gxh6+ Kxh6 0-1

[Event "Anapa"]
[Site "Anapa"]
[Date "2012.09.04"]
[Round "5"]
[White "Moroz, Roman"]
[Black "Maiorov, Oleg Ivanovich"]
[Result "1-0"]
[WhiteElo "2349"]
[BlackElo "2390"]
[PlyCount "53"]
[EventDate "2012.08.30"]
[EventType "tourn"]
[EventRounds "11"]
[EventCountry "RUS"]
[EventCategory "3"]
[SourceTitle "EXT 2013"]
[Source "ChessBase"]
[SourceDate "2012.11.22"]
[SourceVersion "1"]
[SourceVersionDate "2012.11.22"]
[SourceQuality "1"]

1. e4 e5 2. Nf3 Nc6 3. Bb5 a6 4. Ba4 Nf6 5. Qe2 b5 6. Bb3 Bc5 7. a4 Rb8 8. 0-0 0-0 9. axb5 axb5 10. d3 d6 11. c3 Bg4 12. Nbd2 Qd7 13. h3 Bxh3 14. gxh3 Qxh3 15. Nh2 Nh5 16. Qf3 Qh4 17. Bd1 Nf4 18. Nb3 Bb6 19. Kh1 f5 20. exf5 Ne7 21. Bxf4 exf4 22. d4 Nxf5 23. Rg1 Rf6 24. Bc2 Rh6 25. Rg2 Rf8 26. Qd5+ Kh8 27. Qxf5 1-0

[Event "Anapa"]
[Site "Anapa"]
[Date "2012.09.02"]
[Round "3"]
[White "Moroz, Roman"]
[Black "Stambulian, Arsen"]
[Result "0-1"]
[WhiteElo "2349"]
[BlackElo "2408"]
[PlyCount "40"]
[EventDate "2012.08.30"]
[EventType "tourn"]
[EventRounds "11"]
[EventCountry "RUS"]
[EventCategory "3"]
[SourceTitle "EXT 2013"]
[Source "ChessBase"]
[SourceDate "2012.11.22"]
[SourceVersion "1"]
[SourceVersionDate "2012.11.22"]
[SourceQuality "1"]

1. e4 e5 2. Nf3 Nc6 3. Bc4 Bc5 4. c3 Nf6 5. d3 d6 6. 0-0 a6 7. a4 0-0 8. h3 Ba7 9. Re1 Ne7 10. Nbd2 Ng6 11. Nf1 c6 12. Bb3 Nh5 13. Nxe5 dxe5 14. Qxh5 Qb6 15. Qd1 Qxf2+ 16. Kh2 Qg1+ 17. Kg3 Bf2+ 18. Kf3 Nh4+ 19. Ke2 Nxg2 20. Be3 Bxe3 0-1

[Event "Marsel IM"]
[Site "Dombaj"]
[Date "2011.07.??"]
[Round "3"]
[White "Moroz, Roman"]
[Black "Blednov, Stanislav"]
[Result "0-1"]
[WhiteElo "2336"]
[BlackElo "2399"]
[PlyCount "76"]
[EventDate "2011.07.23"]
[EventType "swiss"]
[EventRounds "8"]
[EventCountry "RUS"]
[SourceTitle "EXT 2022"]
[Source "ChessBase"]
[SourceDate "2021.10.06"]
[SourceVersion "1"]
[SourceVersionDate "2021.10.06"]
[SourceQuality "1"]

1. Nf3 Nf6 2. g3 d5 3. Bg2 Bg4 4. c4 c6 5. cxd5 cxd5 6. Qb3 Qb6 7. Qxb6 axb6 8. Nc3 Nc6 9. h3 Bxf3 10. Bxf3 Nd4 11. 0-0 Nxf3+ 12. exf3 e6 13. d3 Bc5 14. Nb5 Kd7 15. Bd2 Rhc8 16. a3 Ne8 17. Bf4 Nd6 18. Bxd6 Bxd6 19. Rac1 Be5 20. d4 Bf6 21. Rfd1 Rc6 22. Rc3 Ra5 23. Rxc6 bxc6 24. Nc3 c5 25. Ne2 Rb5 26. Rd2 Rb3 27. f4 Bxd4 28. Nxd4 cxd4 29. Kf1 d3 30. Kg2 Kd6 31. Kf3 Kc5 32. Ke3 Kc4 33. g4 f6 34. h4 f5 35. f3 g6 36. g5 b5 37. h5 gxh5 38. Rh2 d4+ 0-1

[Event "Marsel IM"]
[Site "Dombaj"]
[Date "2011.07.??"]
[Round "1"]
[White "Moroz, Roman"]
[Black "Kobylkin, Evgeni"]
[Result "1-0"]
[WhiteElo "2336"]
[BlackElo "2313"]
[PlyCount "73"]
[EventDate "2011.07.23"]
[EventType "swiss"]
[EventRounds "8"]
[EventCountry "RUS"]
[SourceTitle "EXT 2022"]
[Source "ChessBase"]
[SourceDate "2021.10.06"]
[SourceVersion "1"]
[SourceVersionDate "2021.10.06"]
[SourceQuality "1"]

1. e4 e6 2. d4 d5 3. Nc3 Nf6 4. Bg5 Bb4 5. exd5 Qxd5 6. Bxf6 gxf6 7. Nge2 Nc6 8. Qd2 Bxc3 9. Nxc3 Qxd4 10. Qxd4 Nxd4 11. 0-0-0 c5 12. Ne4 Ke7 13. Nxc5 Nc6 14. Bb5 Rg8 15. Bxc6 bxc6 16. g3 Rg5 17. b4 a5 18. a3 axb4 19. axb4 Rd5 20. Kb2 e5 21. c4 Rxd1 22. Rxd1 Be6 23. Kb3 h5 24. Nxe6 fxe6 25. b5 cxb5 26. cxb5 f5 27. Kb4 Ra2 28. b6 Rxf2 29. Kc3 Rf3+ 30. Kc4 Rf2 31. Rb1 Rc2+ 32. Kb5 Rc8 33. b7 Rf8 34. Kc6 f4 35. b8Q Rxb8 36. Rxb8 f3 37. Kc5 1-0

[Event "Elista Dordzhiev Memorial"]
[Site "Elista"]
[Date "2011.04.26"]
[Round "3"]
[White "Gazarian, Aram"]
[Black "Moroz, Roman"]
[Result "1-0"]
[WhiteElo "2517"]
[BlackElo "2311"]
[PlyCount "49"]
[EventDate "2011.04.24"]
[EventType "tourn"]
[EventRounds "9"]
[EventCountry "RUS"]
[EventCategory "7"]
[SourceTitle "EXT 2012"]
[Source "ChessBase"]
[SourceDate "2011.11.24"]
[SourceVersion "1"]
[SourceVersionDate "2011.11.24"]
[SourceQuality "1"]

1. e4 c5 2. Nf3 d6 3. d4 Nf6 4. Nc3 cxd4 5. Nxd4 Nc6 6. g3 g6 7. Bg2 Nxd4 8. Qxd4 Bg7 9. 0-0 0-0 10. h3 Be6 11. Qd1 Qc8 12. Kh2 Qc4 13. f4 Rac8 14. f5 Bd7 15. g4 Bc6 16. Qd3 Qb4 17. a3 Qb6 18. Rb1 Nd7 19. Nd5 Bxd5 20. exd5 Ne5 21. Qe2 Qc5 22. c3 b5 23. fxg6 hxg6 24. Bg5 Rc7 25. Kh1 1-0

[Event "Elista Dordzhiev Memorial"]
[Site "Elista"]
[Date "2011.04.26"]
[Round "7"]
[White "Gevorgyan, David"]
[Black "Moroz, Roman"]
[Result "1/2-1/2"]
[WhiteElo "2319"]
[BlackElo "2311"]
[PlyCount "47"]
[EventDate "2011.04.24"]
[EventType "tourn"]
[EventRounds "9"]
[EventCountry "RUS"]
[EventCategory "7"]
[SourceTitle "EXT 2012"]
[Source "ChessBase"]
[SourceDate "2011.11.24"]
[SourceVersion "1"]
[SourceVersionDate "2011.11.24"]
[SourceQuality "1"]

1. d4 d5 2. c4 c6 3. Nc3 Nf6 4. Nf3 e6 5. e3 Nbd7 6. Qc2 Bd6 7. b3 0-0 8. Bb2 Re8 9. Bd3 h6 10. 0-0 b6 11. e4 dxe4 12. Nxe4 Nxe4 13. Bxe4 Qc7 14. Ne5 Bb7 15. Rfe1 Nf6 16. Bf3 c5 17. dxc5 Bxc5 18. Bxb7 Qxb7 19. Rad1 Rad8 20. Nd3 Bd4 21. h3 Bxb2 22. Nxb2 Qc7 23. Rxd8 Rxd8 24. Rd1 1/2-1/2

[Event "Elista Dordzhiev Memorial"]
[Site "Elista"]
[Date "2011.04.26"]
[Round "8"]
[White "Moroz, Roman"]
[Black "Pilavov, Georgy"]
[Result "1-0"]
[WhiteElo "2311"]
[BlackElo "2619"]
[PlyCount "41"]
[EventDate "2011.04.24"]
[EventType "tourn"]
[EventRounds "9"]
[EventCountry "RUS"]
[EventCategory "7"]
[SourceTitle "EXT 2012"]
[Source "ChessBase"]
[SourceDate "2011.11.24"]
[SourceVersion "1"]
[SourceVersionDate "2011.11.24"]
[SourceQuality "1"]

1. e4 c5 2. Nf3 e6 3. c3 Nf6 4. Bd3 d5 5. e5 Nfd7 6. Bc2 d4 7. Qe2 Nc6 8. 0-0 g6 9. d3 Bg7 10. Bf4 0-0 11. Ba4 Qb6 12. Bxc6 Qxc6 13. cxd4 cxd4 14. Nxd4 Qd5 15. Nf3 b6 16. Nc3 Qa5 17. Rfe1 Bb7 18. a3 Bxf3 19. gxf3 Rac8 20. d4 Rfd8 21. b4 1-0

[Event "Elista Dordzhiev Memorial"]
[Site "Elista"]
[Date "2011.04.26"]
[Round "5"]
[White "Yushinov, Nikolay"]
[Black "Moroz, Roman"]
[Result "1/2-1/2"]
[WhiteElo "2228"]
[BlackElo "2311"]
[PlyCount "39"]
[EventDate "2011.04.24"]
[EventType "tourn"]
[EventRounds "9"]
[EventCountry "RUS"]
[EventCategory "7"]
[SourceTitle "EXT 2012"]
[Source "ChessBase"]
[SourceDate "2011.11.24"]
[SourceVersion "1"]
[SourceVersionDate "2011.11.24"]
[SourceQuality "1"]

1. f4 Nf6 2. e3 c5 3. Nf3 d6 4. b3 g6 5. Bb2 Bg7 6. Bb5+ Nbd7 7. 0-0 0-0 8. Qe1 a6 9. Bxd7 Bxd7 10. d3 Bc6 11. Nbd2 Re8 12. Qh4 e6 13. Rae1 Nh5 14. Bxg7 Qxh4 15. Nxh4 Nxg7 16. Nc4 Red8 17. e4 b5 18. Ne3 f5 19. exf5 exf5 20. c3 1/2-1/2

[Event "Golubitskaya Rating"]
[Site "Golubitskaya"]
[Date "2008.07.13"]
[Round "?"]
[White "Rimarenko, Alexey"]
[Black "Moroz, Roman"]
[Result "0-1"]
[WhiteElo "2191"]
[BlackElo "2241"]
[PlyCount "38"]
[EventDate "2008.07.05"]
[EventType "tourn"]
[EventRounds "11"]
[EventCountry "RUS"]
[SourceTitle "EXT 2022"]
[Source "ChessBase"]
[SourceDate "2021.10.06"]
[SourceVersion "1"]
[SourceVersionDate "2021.10.06"]
[SourceQuality "1"]

1. e4 c5 2. Nf3 d6 3. d4 cxd4 4. Nxd4 Nf6 5. Nc3 a6 6. Be3 e5 7. Nf3 Be7 8. Qd2 0-0 9. 0-0-0 Be6 10. Kb1 Nc6 11. Ng5 b5 12. Nxe6 fxe6 13. a3 Rc8 14. Rg1 Qa5 15. f3 b4 16. axb4 Nxb4 17. g4 d5 18. exd5 Nfxd5 19. Qf2 Rxc3 0-1